000 00695nam a2200217Ii 4500
003 JO-AjNU
008 230605s9999||||xx |||||||||||||| ||und||
017 _a2004/12/1358
040 _aJO-AjNU
_bara
_erda
_cJO-AjNU
041 _aara
050 1 4 _aPJ541 2006
100 3 _aتاليف عوض الله،بديع علي(بديع الرباح),
_eauthor
_918466
245 0 0 _aحب وفداء:شعر
250 _aط1
264 3 1 _aعمان: دار الاسراء للنشر والتوزيع، 2006
300 _a88ص
336 _atext
_btxt
_2rdacontent
337 _aunmediated
_bn
_2rdamedia
338 _avolume
_bnc
_2rdacarrier
650 4 _aحب وفداء-شعر-ديوان شعر
_918467
999 _aA5911
_c9479
_d9479